00672nam a22002057a 450000500170000001000130001702000220003003500130005203700160006504000120008108200170009310000190011024500810012926000480021027000470025830000240030550000500032965000420037965000450042120170124105929.0 aA-702339 c00.00a8171006577 aA-702339 bCen Lib/Ret aDPLbEN a320.954bSAX aSaxena, Rekha  aIndian politics in transition :cby Rekha Saxena bfrom dominance to chaos / aNew Delhi bDeep & Deep Publications c1994 bNew Delhi aF-159, rajouri garden e110027 axiii, 359c21cm(Hb) aIncludes bibliographical references and index aPolitical parties -- India -- History aIndia -- Politics and government -- 1947